| 000 | 00623nam a2200193 i 4500 | ||
|---|---|---|---|
| 001 | 65949 | ||
| 003 | ES-MaACL | ||
| 005 | 20230906165518.0 | ||
| 007 | t| | ||
| 008 | 040123s1968 sp ||||1| spa d | ||
| 245 | 0 | 3 |
_aEl futuro del catolicismo / _cYvonne Lubbock ... [et al.] ; introducción de Michael de la Bedoyere ; [versión José Luis Lana]. |
| 250 | _a[1ª ed.]. | ||
| 260 |
_aBarcelona : _bNova Terra, _c[1968] |
||
| 300 |
_a295 p. ; _c19 cm. |
||
| 700 | 1 |
_aLubbock, Yvonne. _974495 |
|
| 700 | 1 |
_aDe la Bedoyere, Michael. _9170853 |
|
| 700 | 1 |
_aLana, José Luis. _969884 |
|
| 852 |
_aES-MaACL _jC-56800 _bR.67035 |
||
| 999 |
_c65949 _d65949 |
||